00418nam a2200133Ia 450000500170000000800410001702000180005808200250007610000360010124500690013726000410020630000130024765000240026020250806130211.0231217s9999 xx 000 0 und d a9780201477115 a001.64404 KUR;1 'R' aKurose, James F. Ross, Keith W. 0aComputer networking : a top down approach featuring the internet c2001bNew Delhi : Pearson Education, axxiv+712 aComputer networking